| 000 | 005110000a22001570004500 | ||
|---|---|---|---|
| 003 | LK-CoMWRAF | ||
| 008 | 230817t ||||| |||| 00| 0 eng d | ||
| 040 |
_aLK-CoMWRAF _dLK-CoMWRAF _eLK-CoMWRAF |
||
| 041 | _aeng | ||
| 100 | _aKadirgamar, Lakshman | ||
| 245 |
_aThe Social Relevance of the Bible for our times _bThe Rev. Celestine Fernando Memorial Address 1992 |
||
| 260 |
_b _a _c1992 |
||
| 300 | _ap.41 | ||
| 650 | _aThe Social Relevance of the Bible for our times in a Non-Christianity Society | ||
| 942 | _cBK | ||
| 999 |
_c2244 _d2244 |
||